| 000 | 00359 a2200157 4500 | ||
|---|---|---|---|
| 001 | 60578 | ||
| 020 | _a | ||
| 040 | _cAnchieta - Pituba | ||
| 100 | _aWerneck, Hamilton | ||
| 240 | 1 | 0 |
_aEnsinamos demais, aprendemos de menos _lpor |
| 245 | 1 | 0 | _aEnsinamos demais, aprendemos de menos |
| 300 | _a109 | ||
| 362 | 0 | _a1987 | |
| 650 | 4 | _aEducação | |
| 942 | _cBK | ||
| 999 |
_c60578 _d60578 |
||